000 00249nam a2200097Ia 4500
001 652174
005 20250826154433.0
008 250824s9999 xx 000 0 und d
245 0 _aBilime Giriş Hava Durumu Tahminleri
260 _bTÜBİTAK YAYINLARI
999 _c652174
_d652174